| 000 | 00574nam a2200157Ia 4500 | ||
|---|---|---|---|
| 008 | 140724s9999 xx 000 0 und d | ||
| 050 |
_aTK 5101 _b.Ar662 2009 |
||
| 100 | _aAranda, Roxanne L. | ||
| 245 | 2 |
_aA video production thesis on the differences in the motivational factors of cellular phone usage across generations / _cRoxanne L. Aranda. |
|
| 260 |
_aLas PiƱas, Philippines : _bSouthville International School and Colleges, _cc2009. |
||
| 300 |
_a113 p. : _bcol. Ill. ; _c28 cm. |
||
| 521 | _aMedia Arts | ||
| 650 | _aMotivation | ||
| 942 | _cTH | ||
| 999 |
_c228752 _d228752 |
||